Enzyklopadisches lexikon für das geld-,bank-und börsenwesen / (Record no. 71835)
[ view plain ]
| 000 -LEADER | |
|---|---|
| fixed length control field | 00809 a2200289 4500 |
| 001 - CONTROL NUMBER | |
| control field | 71835 |
| 003 - CONTROL NUMBER IDENTIFIER | |
| control field | TR-AnTOB |
| 005 - DATE AND TIME OF LATEST TRANSACTION | |
| control field | 20230620150721.0 |
| 008 - FIXED-LENGTH DATA ELEMENTS--GENERAL INFORMATION | |
| fixed length control field | 110119s1058 tu 000 0 |
| 035 ## - SYSTEM CONTROL NUMBER | |
| System control number | 71835 |
| 040 ## - CATALOGING SOURCE | |
| Original cataloging agency | TR-AnTOB |
| Language of cataloging | eng |
| Transcribing agency | TR-AnTOB |
| Description conventions | rda |
| 041 ## - LANGUAGE CODE | |
| Language code of text/sound track or separate title | Almanca |
| 050 ## - LIBRARY OF CONGRESS CALL NUMBER | |
| Classification number | HG151. |
| Item number | E5 1958 |
| 090 ## - LOCALLY ASSIGNED LC-TYPE CALL NUMBER (OCLC); LOCAL CALL NUMBER (RLIN) | |
| Classification number (OCLC) (R) ; Classification number, CALL (RLIN) (NR) | REF HG151. E5 1958 |
| 245 #0 - TITLE STATEMENT | |
| Title | Enzyklopadisches lexikon für das geld-,bank-und börsenwesen / |
| Statement of responsibility, etc. | M.Palyi, P. Quittner. |
| 264 #1 - PRODUCTION, PUBLICATION, DISTRIBUTION, MANUFACTURE, AND COPYRIGHT NOTICE | |
| Place of production, publication, distribution, manufacture | Frankfurt am Main: |
| Name of producer, publisher, distributor, manufacturer | F. Knapp, |
| Date of production, publication, distribution, manufacture, or copyright notice | c1958. |
| 300 ## - PHYSICAL DESCRIPTION | |
| Extent | 2. v.; |
| Dimensions | 27cm. |
| 500 ## - GENERAL NOTE | |
| General note | Band I A-H -- Band II I-Z. |
| 650 #0 - SUBJECT ADDED ENTRY--TOPICAL TERM | |
| Topical term or geographic name entry element | Banks and banking |
| Form subdivision | Dictionaries |
| General subdivision | German |
| 9 (RLIN) | 47081 |
| 700 ## - ADDED ENTRY--PERSONAL NAME | |
| Personal name | Palyi, M. |
| 9 (RLIN) | 47079 |
| Personal name | Quittner, P. |
| 9 (RLIN) | 47080 |
| 902 ## - LOCAL DATA ELEMENT B, LDB (RLIN) | |
| a | 0022522, 0022523 |
| 903 ## - LOCAL DATA ELEMENT C, LDC (RLIN) | |
| a | Merkez Kütüphane. |
| 942 ## - ADDED ENTRY ELEMENTS (KOHA) | |
| Koha item type | Reference |
| Source of classification or shelving scheme | Library of Congress Classification |
| 945 ## - LOCAL PROCESSING INFORMATION (OCLC) | |
| a | GA, kntrl |
| Withdrawn status | Lost status | Source of classification or shelving scheme | Not for loan | Collection code | Home library | Current library | Shelving location | Date acquired | Source of acquisition | Serial Enumeration / chronology | Inventory number | Total Checkouts | Total Holds | Full call number | Barcode | Copy number | Date shelved | Koha item type | Public note |
|---|---|---|---|---|---|---|---|---|---|---|---|---|---|---|---|---|---|---|---|
| Other/Generic Classification Scheme | Ödünç Verilemez-Referans Kaynağı / Not For Loan-Reference | Referans-Konuya özel-Genel Koleksiyonla birlikte | Merkez Kütüphane | Merkez Kütüphane | Genel Koleksiyon - Referans / General Collection - Reference | 01/07/2005 | TOBB Devir / TOBB Transfer | 2 | İKT | REF HG151 .E5 1958 | 0022522 | 1 | 21/04/2010 | Book | Donated by TOBB | ||||
| Other/Generic Classification Scheme | Ödünç Verilemez-Referans Kaynağı / Not For Loan-Reference | Referans-Konuya özel-Genel Koleksiyonla birlikte | Merkez Kütüphane | Merkez Kütüphane | Genel Koleksiyon - Referans / General Collection - Reference | 01/07/2005 | TOBB Devir / TOBB Transfer | 1 | İKT | REF HG151 .E5 1958 | 0022523 | 1 | 21/04/2010 | Book | Donated by TOBB |
